Statistiques concernant Pays dans lesquels la Formule 1 a couru

Cliquez ici pour prendre le quiz!

Statistiques générales

  • Ce quiz a été pris 301 fois
  • Le résultat moyen est 28 sur 34

Statistiques - réponses

Réponse% Correct
France
99%
Espagne
96%
Italie
96%
Etats-Unis
95%
Chine
93%
Japon
93%
Royaume-Uni
93%
Allemagne
92%
Australie
91%
Brésil
91%
Canada
91%
Mexique
90%
Portugal
90%
Russie
90%
Belgique
89%
Argentine
86%
Pays-Bas
84%
Qatar
84%
Arabie Saoudite
83%
Autriche
82%
Monaco
82%
Suisse
79%
Afrique du Sud
77%
Bahreïn
74%
Hongrie
73%
Suede
72%
Emirats Arabes Unis
70%
Inde
70%
Turquie
65%
Singapour
63%
Corée du Sud
62%
Azerbaïdjan
59%
Malaisie
56%
Maroc
54%

Distribution des résultats

Percentile par nombre de réponses

% des personnes avec chaque résultat

Votre développement - résultats

Vous n’avez pas pris ce quiz